|
|
|
|
| LEADER |
00836nam a2200205Ia 4500 |
| 001 |
CTU_107150 |
| 008 |
210402s9999 xx 000 0 und d |
| 082 |
|
|
|a 661.804
|
| 082 |
|
|
|b T159
|
| 100 |
|
|
|a Tamura, Shuji
|
| 245 |
|
0 |
|a Economies of scale and technological progress of the Japanese petrochemical industry and their implications for development planning :
|
| 245 |
|
2 |
|b A dissertation submitted to the department of economics and the comitte on graduate studies of stanford university in partial fulfillment of the requirements for the degree of dotor of philosophy
|
| 245 |
|
0 |
|c Shuji Tamura
|
| 260 |
|
|
|a London
|
| 260 |
|
|
|b University Microfilms International
|
| 260 |
|
|
|c 1979
|
| 650 |
|
|
|a Petroleum chemicals industry
|
| 650 |
|
|
|z Japan
|
| 904 |
|
|
|i Truc
|
| 980 |
|
|
|a Trung tâm Học liệu Trường Đại học Cần Thơ
|